| 000 | 00542nam a22001937a 4500 | ||
|---|---|---|---|
| 003 | OSt | ||
| 005 | 20151202145742.0 | ||
| 008 | 151202b xxu||||| |||| 00| 0 eng d | ||
| 020 | _a9781439825341 | ||
| 040 | _cDDC | ||
| 082 | _a005.1 NYH 2013 | ||
| 100 |
_aNyhoff, Larry _96441 |
||
| 245 | _aProgramming in C ++ for engineering and sceince | ||
| 260 | _aBoca Raton; CRC Press, 2013 | ||
| 300 | _axiii,730p; col.ill: 24cm | ||
| 504 | _aAnswers, appendices, & index included | ||
| 650 |
_aComputer Programming _94022 |
||
| 942 |
_2z _cO_SHELF |
||
| 999 |
_c2779 _d2779 |
||